Offizielle Städte im Vereinigten Königreich - Statistiken

Allgemein
  • Dieses Quiz wurde 382 mal gespielt
  • Das Durchschnittsergebnis liegt bei 22 aus 76
Antwortstatistiken
Country City % Korrekt
England City of London
99%
England Manchester
93%
Scotland Edinburgh
91%
England Liverpool
88%
Scotland Glasgow
85%
England Birmingham
80%
Wales Cardiff
78%
Northern Ireland Belfast
77%
England Leeds
66%
Scotland Aberdeen
63%
England Newcastle upon Tyne
63%
England Brighton & Hove
60%
England Oxford
60%
England Nottingham
57%
England Bristol
56%
England Southampton
56%
England Leicester
52%
England York
52%
England Plymouth
51%
England Sheffield
48%
England Cambridge
47%
Wales Swansea
47%
England Norwich
38%
Northern Ireland Londonderry
36%
Scotland Inverness
34%
England Portsmouth
34%
England Wolverhampton
34%
Scotland Dundee
32%
England Kingston upon Hull
32%
England Bath
29%
England Exeter
29%
England Stoke-on-Trent
29%
England Sunderland
28%
England Coventry
25%
England Derby
25%
England Chester
22%
England Canterbury
20%
England Gloucester
20%
England Bradford
19%
Wales Newport
18%
England Worcester
18%
Wales Wrexham
16%
England Peterborough
14%
England Colchester
13%
England Doncaster
13%
England Lancaster
13%
England Southend-on-Sea
12%
England Winchester
12%
England Lincoln
11%
Scotland Perth
11%
England Durham
10%
England Milton Keynes
10%
England Carlisle
9%
England Preston
9%
England Salisbury
9%
Scotland Stirling
9%
Northern Ireland Bangor
6%
Wales Bangor
6%
Northern Ireland Armagh
5%
Northern Ireland Newry
5%
England Westminster
5%
England Chichester
4%
Scotland Dunfermline
4%
England Hereford
4%
Northern Ireland Lisburn
4%
England Salford
4%
England Truro
4%
England Wakefield
4%
England Chelmsford
3%
England Ely
3%
England St Albans
3%
Wales St David's and the Cathedral Close
2%
England Wells
2%
England Lichfield
1%
England Ripon
1%
Wales St Asaph
1%
Keine übereinstimmenden Quizze gefunden
Verteilung der Resultate
Anzahl Personen mit jedem Resultat
Perzentil nach korrekt beantworteten Fragen
Ihre Resultats-Entwicklung
Sie haben dieses Quiz noch nicht gespielt